• 首页
  • 本馆介绍
  • 公告通知
  • 最新文献
  • 馆藏检索
  • 电子资源
  • 读者导购
  • 参考咨询
  • 我的图书馆
  • 登录
  • 详细信息显示
  • 放入我的书架
  • 预约/预借图书
  • 作者相关作品
  • 分类相关作品
  • 丛书相关作品
  • 出版社相关作品

书目信息

  • 表格格式
  • 工作单格式
  • 卡片格式
题名:
形象与言谈
    
 
作者: 壮春雨 著
分册:  
出版信息: 北京   中国广播电视出版社  2002
页数: 154页
开本: 21cm
丛书名: 现代传播系列丛书
单 册:
中图分类: B834.3 , H019
科图分类:
主题词: 言语交往--研究 , CT--S025425--个人 , 个人--形象--研究 , CT--S085971--言语交往 , CT--S083922--形象
电子资源:
ISBN: 7-5043-3859-1
000 01066oam2 2200325 45
001 012002043884
005 20070728163813.89
010    @a7-5043-3859-1@dCNY10.00
035    @a(011001)c2002036815
100    @a20020524d2002 kemy0chiy0110 ea
101 0  @achi
102    @aCN@b110000
105    @ay z 000yy
200 1  @a形象与言谈@9xing xiang yu yan tan@f壮春雨著
210    @a北京@c中国广播电视出版社@d2002
215    @a154页@d21cm
225 2  @a现代传播系列丛书
330    @a本书分为两部分,第一部分形象,包括形象理念、形象与外貌、形象与智慧、形象与举止等;第二部分言谈,包括言谈对人生的意义、言谈技能、言谈的原则和注意点等。
461  0 @12001 @a现代传播系列丛书@1210 @a北京@c中国广播电视出版社
510 1  @aImage and Speech@zeng
606 0  @a言语交往@x研究
606 0  @2CT@3S025425@a个人
606 0  @a个人@x形象@x研究
606 0  @2CT@3S085971@a言语交往
606 0  @2CT@3S083922@a形象
690    @aB834.3@v4
690    @aH019@v4
701  0 @a壮春雨@9zhuang chun yu@4著
801  0 @aCN@bTSSF@c20070728
905    @a10447@dB834.3@e255
    
    形象与言谈/壮春雨著.-北京:中国广播电视出版社,2002
    154页;21cm.-(现代传播系列丛书)
    
    
    ISBN 7-5043-3859-1:CNY10.00
    本书分为两部分,第一部分形象,包括形象理念、形象与外貌、形象与智慧、形象与举止等;第二部分言谈,包括言谈对人生的意义、言谈技能、言谈的原则和注意点等。
●
相关链接 在E读中查询图书 在五车中查询图书 在当当中查询图书 在豆瓣中查询图书


正题名:形象与言谈     索取号:B834.3/255         预约/预借

序号 登录号 条形码 馆藏地/架位号 状态 备注
1 0784049   207840498   第一样本阅览室/ [索取号:B834.3/255] 在馆    
2 0784050   207840504   第一借阅区/ [索取号:B834.3/255] 在馆    
3 0784051   207840513   第一借阅区/ [索取号:B834.3/255] 在馆    
4 0784052   207840522   密集书库/ [索取号:B834.3/255] 在馆    
5 0784053   207840531   第一借阅区/ [索取号:B834.3/255] 在馆    
6 0784054   207840540   第一借阅区/ [索取号:B834.3/255] 在馆    
7 0784055   207840559   密集书库/ [索取号:B834.3/255] 在馆    
8 0784056   207840568   第一借阅区/ [索取号:B834.3/255] 在馆    
9 0784057   207840577   密集书库/ [索取号:B834.3/255] 在馆    
10 0785063   207850636   第一借阅区/ [索取号:B834.3/255] 在馆    
唐山师范学院图书馆 欢迎您!
大连网信软件有限公司© 版权所有